Efektivita lízingovej spoločnosti na slovenskom trhu diplomová práca

Enregistré dans:
Détails bibliographiques
Auteur principal: Madurová, Mária
Collectivité auteur: Podnikovohospodárska fakulta EU so sídlom v Košiciach. Katedra ekonómie
Autres auteurs: Baumöhl, Eduard, 1982-
Format: Livre
Langue:slovaque
Publié: Košice 2014
Tags: Ajouter un tag
Pas de tags, Soyez le premier à ajouter un tag!

MARC

LEADER 00000nbm a2200000 4500
001 0187255
005 20240827092113.2
041 0 |a slo 
044 |a SK 
245 1 0 |a Efektivita lízingovej spoločnosti na slovenskom trhu  |b diplomová práca  |c Mária Madurová ; školiteľ: Eduard Baumöhl 
264 1 |a Košice  |c 2014 
300 |a 67 s. 
100 1 |a Madurová, Mária 
700 1 |a Baumöhl, Eduard, 1982- 
710 2 |a Podnikovohospodárska fakulta EU so sídlom v Košiciach. Katedra ekonómie